Statistics for 高速タイピング 1-100

Click here to take the quiz!

General Stats

  • This quiz has been taken 775 times
  • The average score is 70 of 100

Answer Stats

#% Correct
1
100%
2
98%
3
98%
4
98%
5
97%
12
96%
6
95%
7
95%
8
94%
9
94%
11
93%
13
93%
14
93%
10
91%
15
91%
23
91%
16
90%
18
90%
22
90%
17
89%
19
89%
20
89%
21
89%
24
87%
26
86%
28
86%
34
86%
25
85%
27
85%
29
85%
31
85%
32
85%
30
84%
33
84%
35
81%
37
80%
38
80%
40
80%
41
80%
42
80%
44
80%
45
80%
36
79%
39
79%
43
78%
46
74%
48
74%
47
73%
49
73%
50
72%
51
72%
55
72%
52
71%
53
71%
54
70%
56
70%
57
67%
58
65%
59
65%
60
64%
61
63%
66
61%
67
61%
62
60%
63
59%
65
59%
64
58%
68
57%
69
56%
70
56%
71
54%
72
54%
73
53%
74
53%
78
53%
77
52%
75
50%
76
50%
79
49%
80
49%
81
47%
82
47%
83
47%
84
46%
88
45%
89
45%
85
43%
87
42%
90
42%
91
42%
86
41%
99
41%
92
40%
93
39%
94
39%
97
39%
98
39%
95
38%
96
38%
100
37%

Score Distribution

Percentile by Number Answered

Percent of People with Each Score

Your Score History

You have not taken this quiz